Extracellular and supporting structures. /
Guardado en:
| Otros Autores: | |
|---|---|
| Formato: | Libro |
| Idioma: | English |
| Etiquetas: |
Agregar Etiqueta
Sin Etiquetas, Sea el primero en etiquetar este registro!
|
| LEADER | 00380nam a22001215a 4500 | ||
|---|---|---|---|
| 001 | EUN.um025913 | ||
| 003 | AR-BaUNS | ||
| 005 | 20050623122903.0 | ||
| 008 | 041125b########xx############000#0#eng#d | ||
| 245 | 0 | 0 | |a Extracellular and supporting structures. / |c Marcel Florkin. |
| 700 | 1 | |a Florkin, Marcel |e edición. | |
| 082 | 0 | 4 | |a 574.19 |
| 859 | |a Ar-BaUNS |b BIB. CENTRAL - Sector C |h 574.19 |i F663-1 |p 74681/976 |v v.26A | ||
